ბათუმის შოთა რუსთაველის სახელმწიფო უნივერსიტეტის ბიბლიოთეკა

Elementary language practice (ბიბ.ჩანაწერი № 50514)

000 -LEADER
fixed length control field 00480nam a2200205Ia 4500
001 - CONTROL NUMBER
control field 17463
003 - CONTROL NUMBER IDENTIFIER
control field GE_BSU
008 - FIXED-LENGTH DATA ELEMENTS--GENERAL INFORMATION
fixed length control field 181216s||||||||xx |||||||||||||| ||und||
020 ## - INTERNATIONAL STANDARD BOOK NUMBER
International Standard Book Number 9781405007641
040 ## - CATALOGING SOURCE
Transcribing agency GE_BSU
080 ## - UNIVERSAL DECIMAL CLASSIFICATION NUMBER
Universal Decimal Classification number 811.111
100 ## - MAIN ENTRY--PERSONAL NAME
Personal name Key,with. Vince, M.
245 ## - TITLE STATEMENT
Title Elementary language practice
245 ## - TITLE STATEMENT
Remainder of title English grammar and vocabulary
260 ## - PUBLICATION, DISTRIBUTION, ETC.
Date of publication, distribution, etc. 2003
300 ## - PHYSICAL DESCRIPTION
Extent 288p.
653 ## - INDEX TERM--UNCONTROLLED
Uncontrolled term Elementary language practice
942 ## - ADDED ENTRY ELEMENTS (KOHA)
Koha item type წიგნი
ეგზემპლარები
Withdrawn status Lost status Damaged status Not for loan Date acquired Barcode Date last seen Price effective from Koha item type
        2018-12-17 1092 2018-12-17 2018-12-17 წიგნი